书目信息 |
| 书名: | Light transmission optics | |
| 作者: | Dietrich Marcuse. | |
| 分册号: | ||
| 分册名: | 出版地: | New York : |
|
| 出版社: | Van Nostrand Reinhold | |
| 出版时间: | c1982. | |
| 页数: | ix, 534 p. : | |
| 开本: | 24 cm. | |
| 丛书名: | Van Nostrand Reinhold electrical/computer science and engineering series | |
| 中图分类号: | ||
| 科图分类号: | ||
| 其他分类号: | O43:H31 | |
| 主题词: | ||
| 电子资源: | ||
| 000 | 00844nam 2200301 a 4500 | |
| 001 | E0731594196 | |
| 005 | 20070303084719.14 | |
| 020 | @a0442263090. | |
| 090 | @aO43:H31 | |
| 099 | @dO43:H31@ex42 | |
| 100 | 1 | @aMarcuse, Dietrich,@d1929- |
| 245 | 10 | @aLight transmission optics / @cDietrich Marcuse. |
| 250 | @a2nd ed. | |
| 260 | @aNew York :@bVan Nostrand Reinhold,@cc1982. | |
| 300 | @aix, 534 p. :@bill. ;@c24 cm. | |
| 440 | 0 | @aVan Nostrand Reinhold electrical/computer science and engineering series |
| 504 | @aIncludes bibliographical references and index. | |
| 920 | @a242010@z1 | |
| 920 | @a251050@z1 | |
| 920 | @a244050@z1 | |
| 920 | @a242120@z1 | |
| 920 | @a245010@z1 | |
| 920 | @a215010@z1 | |
| 920 | @a211070@z2 | |
| 920 | @a236010@z2 | |
| 920 | @a231030@bTN929.1@cM322L2@z1 | |
| 920 | @a211040@z1 | |
| 998 | @aSJT | |
| Light transmission optics / / Dietrich Marcuse.-2nd ed.-New York : : Van Nostrand Reinhold, , c1982. |
| ix, 534 p. : : ill. ; ; 24 cm.- (Van Nostrand Reinhold electrical/computer science and engineering series) |
| Includes bibliographical references and index. |
| ISBN 0442263090. |
| ● |
| 相关链接 |
|
|
|
|
正题名:Light transmission optics
索取号:O43:H31/x42
 
预约/预借
| 序号 | 登录号 | 条形码 | 馆藏地/架位号 | 状态 | 备注 |
| 1 | 136958 | 202460210 | 第四借阅区/ [索取号:O43:H31/x42] | 在馆 |